[Event "Augsburg"]
[Site "Augsburg"]
[Date "2005.01.03"]
[Round "8"]
[White "Van der Weide, Karel"]
[Black "Atalik, Suat"]
[Result "1/2-1/2"]
[WhiteElo "2457"]
[BlackElo "2541"]
[Annotator "Atalik,S"]
[PlyCount "95"]
[EventDate "2004.12.27"]
[EventType "tourn"]
[EventRounds "11"]
[EventCountry "GER"]
[EventCategory "8"]
[SourceTitle "CBM 104 Extra"]
[Source "ChessBase"]
[SourceDate "2005.03.01"]
[SourceVersion "1"]
[SourceVersionDate "2005.03.01"]
[SourceQuality "1"]

1. e4 e6 2. d4 d5 3. Nc3 Nf6 4. e5 {Karel likes this more than} (4. Bg5 dxe4 5.
Nxe4 Nbd7 $14) 4... Nfd7 5. f4 c5 6. Nf3 Nc6 7. Be3 a6 $5 {Glek rules!} (7...
cxd4 {I think I can hold my own in the following endgame, but Glek's treatment
of the position impressed me deeply.} 8. Nxd4 Bc5 9. Qd2 Nxd4 10. Bxd4 Bxd4 11.
Qxd4 Qb6 12. Qxb6 Nxb6 13. Nb5 Ke7 14. b3 Bd7 15. Nd4 h5 16. h4 g6 17. a4 a6
18. Bd3 Nc8 19. Kd2 Na7 $14) 8. Qd2 b5 9. Bd3 {Karel had already a game with
this.} ({Theoretically more critical is} 9. dxc5 Bxc5 10. Bxc5 Nxc5 11. Qf2 Qb6
12. Bd3 b4 13. Ne2 a5 14. O-O Ba6 15. Kh1 (15. b3 O-O) 15... Ne7 16. Rad1 (16.
b3 h6) 16... Na4 $11) 9... Qb6 10. Qf2 Rb8 {Strangely Itkis has played this
move which I did not know during the game.} 11. h4 (11. O-O cxd4 12. Nxd4 Nxd4
13. Bxd4 Qxd4 14. Qxd4 Bc5 15. Ne2 Bxd4+ 16. Nxd4 Nc5 $11 {looks ok for black
since I have b5 in compared to the classical endgame mentioned above.}) (11.
Nd1 Nb4 12. a3 Nxd3+ 13. cxd3 c4 $132) 11... cxd4 {I wanted to make use of my
Rb8.} (11... h5 $5 12. f5 $2 {looks critical but tactics work for black.} (12.
O-O cxd4 13. Nxd4 Nxd4 14. Bxd4 Qxd4 15. Qxd4 Bc5 16. Ne2 Bxd4+ 17. Nxd4 g6 18.
b4 Nb6 $11) (12. Rh3 $5 cxd4 13. Nxd4 Nxd4 14. Bxd4 Qxd4 15. Qxd4 Bc5 16. Ne2 (
16. Nxb5 Bxd4 17. Nxd4 Rb4 18. c3 Rxb2) 16... Bxd4 17. Nxd4 g6 18. c3 Nc5 19.
Bc2 Bd7 $11) 12... Ndxe5 $1 13. dxe5 (13. Nxe5 Nxe5 14. dxe5 d4 15. Bd2 dxc3
16. Bxc3 c4 17. Qxb6 Rxb6 18. Bd4 Rb8 19. Be4 exf5 20. Ba7 Bb7 21. Bxb8 Bxe4
22. O-O-O Bxg2 $44) 13... d4 14. fxe6 Bxe6 $17) 12. Nxd4 Nxd4 13. Bxd4 Qxd4 14.
Qxd4 Bc5 15. Nxb5 $5 {A surprising move by Karel.} (15. Ne2 Bxd4 16. Nxd4 h5 $1
(16... Nc5 $6 17. h5 (17. b4 Na4) 17... h6 18. Kd2 $16) 17. Kd2 (17. b4 Nb6 $11
) 17... g6 18. c3 Nc5 19. Bc2 Bd7 $11) 15... Bxd4 16. Nxd4 Rb4 $8 17. Ne2 (17.
c3 Rxb2 18. O-O Nc5 19. Bc2 Bd7 20. Rfb1 Rxb1+ 21. Rxb1 Ke7 22. Rb6 Rc8 $132)
17... Rxb2 18. Kd2 f6 $2 {Too ambitious and wrong.} (18... Nc5 19. Rhb1 Rxb1
20. Rxb1 Kd7 21. Nd4 Kc7 $11) 19. exf6 $2 {Karel also did not take the
advantage after my mistake.} (19. Nd4 Rb6 (19... fxe5 20. fxe5 (20. Nb3 exf4
21. Kc3 Rxb3+ 22. axb3 Ke7 23. Bxa6 e5 $44) 20... Nxe5 (20... Rb6) 21. Nb3 O-O
22. Rhf1 Nxd3 23. Rxf8+ Kxf8 24. Kxd3 d4 25. Kd2 $18) 20. Rab1 Rxb1 21. Rxb1
fxe5 22. Nxe6 (22. fxe5 Nxe5 23. Bxa6 O-O 24. Bxc8 Nc4+ $44) 22... Ke7 23. Nxg7
e4 24. Be2 Nf6 25. Rb8 Rd8 (25... Rg8 26. g4) 26. Ra8 $16) 19... gxf6 20. Rhb1
(20. g4 $6 e5 21. Bf5 Ke7 22. Rhb1 Rb8 $1 23. Rxb8 (23. g5 Nb6 24. Bd3 Kd6 $1
$17 (24... e4 $2 25. Nd4 exd3 (25... Kd6 26. Be2) 26. Nc6+ Kd6 27. Nxb8 Nc4+
28. Kxd3 Bf5+ 29. Kd4 $18)) 23... Nxb8 24. Ng3 exf4 25. Nh5 Bxf5 26. gxf5 Nc6
27. Nxf4 Kd6 28. Re1 Ne5 $17) 20... Rxb1 21. Rxb1 Nc5 (21... Rg8 22. g3 h5 23.
c4 $14) 22. g3 $1 $14 {A move I have failed to appreciate its strenght.} (22.
g4 $6 e5 23. Bf5 O-O 24. Bxc8 Ne4+ 25. Ke3 Rxc8 $17) 22... Nxd3 (22... e5 $6
23. fxe5 $1 (23. Rb6 Ke7 (23... Nxd3 $6 24. cxd3 Ke7 25. fxe5 (25. Nc3 $6 Rd8
26. fxe5 fxe5 27. Rh6 Bf5 28. Rxa6 d4 29. Ne4 Bxe4 30. dxe4 Rg8 $40) 25... fxe5
26. d4 $16) 24. Nc3 Be6 25. Rc6 Nxd3 26. cxd3 Rg8 27. f5 Bf7 28. Ne2 d4 29.
Rxa6 Rb8 $44) 23... fxe5 24. Nc3 {and my center becomes lose after this move.}
e4 25. Be2 (25. Bf1 $2 d4 26. Ne2 (26. Nd5 Rf8 $17) 26... e3+ 27. Ke1 d3 $1 {
A move I have missed during the game.} 28. cxd3 Nxd3+ 29. Kd1 O-O $17) 25... d4
26. Nd5 Kd7 27. Rb4 Kd6 28. Nb6 Ne6 (28... e3+ 29. Ke1 Ne6 30. Nxc8+ (30. c3
dxc3 31. Rc4 Nc5 32. Nxc8+ Rxc8 33. Rxc3 Re8 34. Bf3 $16) 30... Rxc8 31. Rb6+
Rc6 32. Rxc6+ Kxc6 33. Bxa6 $16) 29. Nxc8+ Rxc8 30. Bg4 e3+ 31. Kd1 $16) 23.
cxd3 Rg8 24. Rb6 Ke7 (24... Rg7 $6 25. f5) 25. Ke3 (25. d4 h5 $5 (25... Rd8 $6
26. g4)) (25. a4 e5 (25... d4 26. Nxd4 Rxg3 27. Nc6+ Kd7 28. Na7 Rf3 29. Rb4 e5
$11) 26. Nc3 Be6 27. f5 Bf7 28. Rb7+ Kf8 $11) 25... e5 26. d4 $1 {I had still
some illusions to be better in this position.} (26. fxe5 $6 fxe5 27. d4 Bg4 $1
(27... e4 $2 28. Kf2 $16) (27... Rg4 $2 28. dxe5 Re4+ 29. Kf2 Rxe5 30. Rh6 Bf5
31. Nd4 $16) 28. Nc3 Be6 29. Ne2 Bg4 30. dxe5 Bxe2 31. Kxe2 Rxg3 32. Rxa6 h5
$11) 26... exf4+ (26... e4 $5 27. f5 {Van der Weide} (27. Kf2 Rd8) 27... Bxf5
28. Rxa6 Bc8 29. Ra8 Kd6 30. a4 Kc7 31. Kf2 h6 32. Nf4 e3+ 33. Kxe3 Rxg3+ 34.
Kf2 Rg4 $11) 27. Kxf4 (27. Nxf4 Rxg3+ 28. Kf2 Ra3 29. Nxd5+ Kf7 30. Rxf6+ Kg7
31. Rc6 Rxa2+ 32. Ke3 Bg4 33. Rc7+ Kh6 34. Nf6 $14) 27... Rg4+ 28. Kf3 Re4 29.
Kf2 (29. Nc3 Rxd4 30. Ke3 Rg4 31. Nxd5+ Kf7 $14) 29... a5 $2 {This looked
clever but...} (29... Re6 $1 30. Rb8 $1 (30. Nf4 $6 Rxb6 31. Nxd5+ Kd6 32. Nxb6
Be6 33. d5 Bxd5 (33... Bf7 $11) 34. Nxd5 Kxd5 35. Kf3 Ke5 36. Kg4 Ke4 37. Kh5
Kf3 38. g4 Kg3 39. a3 a5 40. a4 Kf4 41. g5 fxg5 42. hxg5 $11) 30... Rc6 31. Nf4
Kd6 $14) (29... Bd7 $6 30. Nc3 Rxd4 31. Ke3 Rg4 32. Nxd5+ Kf7 33. Rxf6+ (33.
Nxf6 Rxg3+ 34. Kf4 Rd3 35. Rxa6 Bc8 36. Rc6 Bb7 37. Rb6 Ra3 38. Nxh7 Ra4+ 39.
Kg5 Be4 $11) 33... Kg7 34. Rxa6 (34. Rd6 Bb5) 34... Rxg3+ 35. Kf4 Rg4+ 36. Ke5
Bb5 37. Ra7+ Kh6 38. Ne3 Ra4 39. Nf5+ Kh5 40. Rxh7+ Kg4 41. Rg7+ Kh3 42. h5
Rxa2 43. h6 Ra8 44. Kf6 $18) 30. Nc3 $2 {This comes close to win the game, but
white had a great alternative.} (30. Rc6 Bd7 31. Rc5 a4 32. Rxd5 Be6 33. Ra5
Bg4 (33... Bxa2 $2 34. Ra7+ Kf8 35. Nc3 Rxd4 36. Ke3 Rg4 37. Nxa2 Rxg3+ 38. Kf4
Ra3 (38... Rg1 39. Rxa4) 39. Nb4 $18) 34. Ra7+ Kf8 35. Nc3 Rxd4 36. Rxa4 (36.
Ke3 $6 Rc4 37. Nxa4 h5 $44) 36... Rd3 37. Ne4 Rf3+ 38. Kg2 Rf5 $16) 30... Rxd4
31. Ke3 Rg4 32. Nxd5+ Kf7 33. Rxf6+ Kg7 34. Rc6 Rxg3+ 35. Kf4 Rd3 $8 (35...
Rg4+ $4 36. Ke5 $18 {loses a piece.}) 36. Rc7+ $1 (36. Ke4 $6 Bf5+ $11) 36...
Kh6 37. Rc6+ Kg7 38. Rc7+ Kh6 39. Nf6 Kg6 $8 40. Nxh7 $1 (40. Rc6 Rf3+ (40...
Bb7 41. Rb6 Rf3+ $11) 41. Kxf3 Bb7 $11) 40... Rd8 $1 $14 {I had to show
excellent defensive technic in order to take the sting out of the position.}
41. Ng5 Rd4+ $1 {Everything should be done very accurately to equalise.} (41...
Rf8+ $2 42. Kg3 Rd8 43. Rc6+ Kh5 44. Rc5 $18) 42. Ne4 Bh3 $1 43. Rc3 (43. h5+ {
is not horrifying!} Kh6 44. Ke5 Rd1 45. Ng3 Ra1 46. Rc6+ Kg7 47. h6+ Kh7 48.
Ne4 Re1 $11) 43... Bf1 $1 44. Ke5 Rd3 $1 {Finally the defence started to give
its first fruits.} 45. Rc1 (45. Rxd3 Bxd3 46. Ng3 a4 47. a3 Kh6 48. Kd4 Bc2 49.
Kc3 Bd1 50. Kb4 Kg6 51. Ne4 Kh5 52. Nc3 Bc2 53. Nxa4 Kxh4 54. Nc5 Kg5 55. Nb3
Kf6 56. a4 Ke7 $11) (45. Rc6+ Kh5 $11) 45... Be2 $1 {With h5 square controlled
I started to feel safe after this move.} 46. Rg1+ (46. Re1 Bh5 47. Rg1+ Kh6 48.
Nd6 Bg6 $11) 46... Kh6 $8 {Black should not fall into cheap tricks.} (46... Kh5
$2 47. Ng3+ Kxh4 48. Nxe2 Re3+ 49. Kf4 $1 Rxe2 50. Rh1+ $18) 47. Nd6 Kh5 $1 48.
Rg2 {I was surprised with Karel's draw offer, however he did not have winning
chances anymore.} (48. Ne4 Bf3 (48... Kh6 $11) (48... Re3 49. Re1 Kxh4 $11) 49.
Ng3+ Kxh4 50. Nf5+ Kh3 51. Rg3+ Kh2 52. Kf4 Be2 $11) (48. Rg2 Bg4 (48... Rd5+
49. Kxd5 (49. Ke6 Rd2 50. Rg5+ Kxh4 51. Rxa5 $11) 49... Bf3+ 50. Kc5 Bxg2 51.
a3 Kxh4 52. Kb5 Kg5 $11) 49. Rh2 Rh3 50. Rxh3 Bxh3 $11) 1/2-1/2

[Event "Paracin Summer op-A 11th"]
[Site "Paracin"]
[Date "2018.07.07"]
[Round "3"]
[White "Eric, Jovana"]
[Black "Atalik, Suat"]
[Result "0-1"]
[WhiteElo "2342"]
[BlackElo "2509"]
[Annotator "Atalik,S"]
[PlyCount "82"]
[EventDate "2018.07.06"]
[EventType "swiss"]
[EventRounds "9"]
[EventCountry "SRB"]
[SourceTitle "CBM 186"]
[Source "ChessBase"]
[SourceDate "2018.09.14"]
[SourceVersion "1"]
[SourceVersionDate "2018.09.14"]
[SourceQuality "1"]

1. e4 e6 2. d4 d5 3. Nc3 Nf6 4. e5 Nfd7 5. f4 c5 6. Nf3 Nc6 7. Be3 Be7 8. Qd2
O-O 9. Be2 $5 b6 10. O-O f5 $5 11. Nd1 (11. exf6 Nxf6 12. Bb5 (12. Ne5 $2 Nxd4)
12... Qc7) (11. dxc5 Nxc5 12. Bb5 Bd7 13. Bxc6 (13. Nxd5 $2 exd5 14. Qxd5+ Be6
$19) 13... Bxc6 14. Nd4 Qc8) 11... cxd4 12. Nxd4 Nxd4 13. Bxd4 Nc5 14. Nf2 Bb7
(14... Bd7) (14... a5) 15. c3 (15. b4 Ne4 16. Nxe4 dxe4 $1 $132) 15... Qc8 $1
$146 (15... Qc7) 16. Rfe1 Ba6 17. Bf3 $5 Qe8 18. Qe3 Rd8 (18... Rc8 $142) (
18... Qg6 19. b4 Rac8) 19. Kh1 Qg6 20. b4 Rc8 $1 21. Rg1 (21. c4 Ne4 22. cxd5
exd5) 21... Ne4 22. a4 Bc4 23. a5 Bd8 (23... Bc5 $2 24. Nxe4 Bxd4 25. Nf6+ gxf6
26. cxd4 $16) 24. Nh3 (24. axb6 Bxb6 25. Bxb6 axb6 26. Qxb6 Nxc3 $17) 24...
bxa5 25. Bxa7 (25. bxa5 a6) 25... axb4 26. cxb4 Be7 27. Rgb1 (27. g4 fxg4 28.
Bxg4 Qh6) 27... Qe8 $17 28. Qb6 $2 (28. Bd4 Rb8) 28... Qd7 $1 {No need to win
the exchange and simplify the position.} (28... Nd2 $2 29. Qxe6+ Kh8 30. Bxd5
Bxd5 31. Qxd5 Nxb1 32. Rxb1 Qa4 33. Be3 $17) 29. Bxe4 fxe4 (29... dxe4 $5) 30.
Qd4 (30. Ng5 Rc6) 30... h6 $1 $19 31. Bb6 Rf7 32. Ra7 Qc6 33. Ra5 (33. Ba5 Bc5)
33... Bd3 34. b5 Qe8 (34... Bc5 $5 35. Qxc5 Qxc5 36. Bxc5 Rxc5 $19) 35. Rb2 (
35. Rg1 Bxb5) 35... Rc1+ 36. Ng1 Rxf4 37. Qa4 Qh5 38. h3 (38. Be3 Rh4) 38...
Rff1 39. Ra8+ Kh7 40. Be3 Rxg1+ 41. Bxg1 Bc5 (41... Rxg1+ 42. Kxg1 Qxe5 $19)
0-1

[Event "FRA-chT poule basse"]
[Site "France"]
[Date "2003.05.07"]
[Round "8.3"]
[White "Tirard, Hugo"]
[Black "Schenk, Andreas"]
[Result "1-0"]
[WhiteElo "2399"]
[BlackElo "2478"]
[Annotator "Atlas,V"]
[PlyCount "93"]
[EventDate "2003.05.07"]
[EventType "team"]
[EventRounds "4"]
[EventCountry "FRA"]
[SourceTitle "CBM 095"]
[Source "ChessBase"]
[SourceDate "2003.07.25"]
[SourceVersion "1"]
[SourceVersionDate "2003.07.25"]
[SourceQuality "1"]
[WhiteTeam "Noyon"]
[BlackTeam "Bischwiller"]
[WhiteTeamCountry "FRA"]
[BlackTeamCountry "FRA"]

1. e4 e6 2. d4 d5 3. Nc3 Nf6 4. e5 Nfd7 5. f4 c5 6. Nf3 Nc6 7. Be3 cxd4 8. Nxd4
Bc5 9. Qd2 O-O 10. O-O-O a6 11. Kb1 Nxd4 12. Bxd4 b5 13. Qf2 Qc7 14. Bd3 Bxd4
15. Qxd4 Bb7 16. Rhe1 Rfe8 17. Qf2 b4 18. Ne2 Bc6 19. Qh4 Nf8 20. Ng3 Bb5 21.
f5 Bxd3 22. cxd3 exf5 23. Nxf5 Ng6 24. Qg3 Rxe5 25. Rc1 Qb8 26. Rf1 Re6 (26...
b3 {was a good option here.}) 27. Rc7 Ra7 28. Rxa7 Qxa7 29. h4 $1 f6 30. Rc1
Re8 31. d4 (31. Rc7 {is not efficient here in view of} Qg1+) 31... Qd7 32. Qg4
Kh8 33. g3 Nf8 34. h5 a5 35. Qf3 Ne6 $6 (35... Qe6 {deserved here serious
attention.}) 36. h6 g6 37. Ne3 f5 38. Nxd5 Rd8 39. Nf4 Ng5 40. Qe3 Nf7 ({After
} 40... Ne4 41. d5 $1 {White has good attacking prospects.}) 41. d5 $1 {
[%cal Ge3d4,Gd4h8]} Kg8 (41... Qe8 {was more stubborn.}) 42. Ne6 Re8 43. Qd4
Nd8 {[%tqu "En","How can White exploit the weak position of the enemy king?",
"Try to deflect the black queen.","Use your rook for the decisive blow!",
"c1c8","This terrific blow crowns White's attack.",6]} 44. Rc8 $1 {[%csl Gc8,
Rd7,Rd8,Re8,Rg7,Rg8][%cal Gd4g7,Gh6g7,Gc8e8] This impressive rook thrust
immediately decides the game.} Qe7 ({Black is defenseless:} 44... Qxc8 45. Qg7#
) (44... Nxe6 45. dxe6 $3 {(the point of White's combination)} Qxd4 (45... Qxc8
46. Qg7#) 46. Rxe8#) (44... Rxe6 45. Rxd8+ Qxd8 46. Qg7#) 45. Rxd8 $1 Rxd8 46.
Nxd8 Qe1+ 47. Kc2 (47. Kc2 {, and Black resigned, as after} Qe2+ 48. Kb3 Qf3+
49. Ka4 {White's king escapes checks.}) 1-0

[Event "Reykjavik zt"]
[Site "Reykjavik"]
[Date "1995.??.??"]
[Round "1"]
[White "Mortensen, Erling"]
[Black "Manninen, Marko"]
[Result "1-0"]
[WhiteElo "2500"]
[BlackElo "2365"]
[Annotator "Baburin,A"]
[PlyCount "71"]
[EventDate "1995.03.??"]
[EventType "swiss"]
[EventRounds "11"]
[EventCountry "ISL"]
[SourceTitle "CBM 047"]
[Source "ChessBase"]
[SourceDate "1995.08.01"]
[SourceVersion "1"]
[SourceVersionDate "1995.08.01"]
[SourceQuality "1"]

1. e4 e6 2. d4 d5 3. Nc3 Nf6 4. e5 Nfd7 5. Nf3 c5 6. Bb5 a6 7. Bxd7+ Bxd7 8.
Be3 cxd4 9. Qxd4 Nc6 10. Qf4 Be7 11. Qg3 g6 12. O-O Na5 13. Bh6 Qb6 14. b3 Rc8
15. Ne2 Rxc2 16. Ned4 Rc3 17. Qf4 Rd3 18. Rfd1 Rxd1+ 19. Rxd1 Rg8 20. Ng5 Bxg5
21. Bxg5 Nc6 22. Nxc6 Bxc6 {This position is a good example of the value of
having opposite coloured Bishops in attack. The Bishops operate along
different squares and Black cannot stop White's attack on the dark squares. In
effect White is a piece up.} 23. Qf6 Qc7 24. h4 h6 (24... h5) 25. Bxh6 Qd8 26.
Qf4 Qc7 27. Bg5 f5 28. Qb4 Rg7 29. Bf6 Rf7 30. Rd3 a5 31. Qd2 Rh7 32. Rg3 d4
33. Rxg6 Qf7 34. Rg3 Qh5 35. Qxa5 Rd7 36. Qa8+ 1-0

[Event "Haifa"]
[Site "Haifa"]
[Date "1995.??.??"]
[Round "3"]
[White "Gruenfeld, Yehuda"]
[Black "Gurevich, Mikhail"]
[Result "1-0"]
[WhiteElo "2505"]
[BlackElo "2605"]
[Annotator "Bangiev,A"]
[PlyCount "67"]
[EventDate "1995.01.??"]
[EventType "tourn"]
[EventRounds "11"]
[EventCountry "ISR"]
[EventCategory "14"]
[SourceTitle "CBM 046"]
[Source "ChessBase"]
[SourceDate "1995.06.01"]
[SourceVersion "1"]
[SourceVersionDate "1995.06.01"]
[SourceQuality "1"]

1. e4 e6 2. d4 d5 3. Nc3 Nf6 4. e5 Nfd7 5. f4 c5 6. Nf3 Nc6 7. Be3 cxd4 8. Nxd4
Bc5 9. Qd2 O-O 10. O-O-O a6 11. h4 Nxd4 12. Bxd4 b5 13. Rh3 Bb7 (13... b4 14.
Na4 Bxd4 15. Qxd4 Qa5 16. b3 Bb7 17. c3 $5 $14) 14. g4 $5 (14. h5 b4 15. Na4
Qa5 16. b3 Bc6 17. Nb2 Rfc8 $132 {Tischbierek,R-Knaak,R/GER/1993}) 14... b4 15.
Ne2 (15. Na4 $6 Qa5 16. b3 Bc6 $36) 15... a5 16. g5 Ba6 17. h5 Rc8 18. Kb1 Qb6
19. g6 $5 {[#] Eine unbedingt notwendige Operation. Weiß versucht den Punkt e6
abschwächen und mit Bh3 und möglicherweise mit Nd4 angreifen.} h6 (19... fxg6
20. hxg6 hxg6 21. Qe1 $5 (21. Rg3 Bxd4 22. Qxd4 (22. Nxd4 Bxf1 23. Rxf1 Nxe5
$17) 22... Qxd4 23. Nxd4 Bxf1 24. Rxf1 Nxe5 25. Nxe6 Rf6 26. Re1 Rxe6 27. fxe5
Rc4 $15) (21. Bxc5 Nxc5 (21... Qxc5 22. Nd4 Bxf1 23. Rxf1 Nxe5 24. Nxe6 Nc4 25.
Qh2 Qb5 26. Rh8+ (26. Re1 Rfe8 27. Rh8+ Kf7 28. Ng5+ Kf6 $13 29. Nh7+ (29. Rf8+
$5 Rxf8 30. Re6+ Kf5 31. Qh3+ Kxf4 32. Qf3+ Kxg5 33. Qg3+ Kf5 34. Qh3+ Kf4 35.
Qh2+ $10) 29... Kf7 30. Ng5+ Kf6 $10) 26... Kf7 27. Ng5+ Kf6 $13 (27... Ke7 28.
Re1+ Kd7 29. Qh3+ Kc6 30. Qe6+ Nd6 31. Nf3 $40) 28. Nh7+ Kf7 29. Ng5+ Kf6 $10)
22. Nd4 Bxf1 23. Rxf1 Ne4 24. Qd1 Rc4 $36) (21. Qe3 g5 $5 $13 (21... a4 22.
Bxc5 Qxc5 23. Nd4 Bxf1 24. Rxf1 $13) 22. fxg5 $2 Bxd4 23. Nxd4 Bxf1 $19) (21.
Re3 {/\ Bh3} g5 $5 (21... a4 22. Bh3 $36) 22. Bxc5 (22. fxg5 $2 Bxd4 $17) 22...
Nxc5 23. fxg5 Ne4 $17) 21... g5 $5 (21... Bxe2 22. Bxc5 Nxc5 23. Qxe2 Rxf4 24.
Qh2 Rff8 25. Rh8+ Kf7 26. Qf4+ Ke7 27. Qg5+ Kd7 28. Rxf8 Rxf8 29. Qxg6 $36) 22.
Bxc5 Nxc5 23. fxg5 $13) 20. Re3 Bxe2 21. Rxe2 a4 22. Bh3 b3 23. cxb3 axb3 24.
a3 fxg6 25. hxg6 Bxd4 26. Qxd4 Rc5 27. Qa4 Rd8 28. Re3 Rc4 29. Qxb3 Qc6 30. Rc3
Nf8 $2 (30... Rc5 $5) 31. Qxc4 $1 dxc4 32. Rxd8 $18 Qe4+ 33. Ka2 Qxg6 (33...
Qxf4 34. Bxe6+ Kh8 35. Rxc4 $18) 34. Rxc4 1-0

[Event "Hoogovens op"]
[Site "Wijk aan Zee"]
[Date "1995.01.??"]
[Round "8"]
[White "Romero Holmes, Alfonso"]
[Black "Schwartzman, Gabriel"]
[Result "0-1"]
[WhiteElo "2455"]
[BlackElo "2495"]
[Annotator "Bangiev,A"]
[PlyCount "98"]
[EventDate "1995.01.??"]
[EventType "swiss"]
[EventRounds "12"]
[EventCountry "NED"]
[SourceTitle "CBM 046"]
[Source "ChessBase"]
[SourceDate "1995.06.01"]
[SourceVersion "1"]
[SourceVersionDate "1995.06.01"]
[SourceQuality "1"]

1. e4 e6 2. d4 d5 3. Nc3 Nf6 4. e5 Nfd7 5. f4 c5 6. Nf3 Nc6 7. Be3 a6 8. Qd2 b5
9. dxc5 Bxc5 10. Bxc5 Nxc5 11. Qf2 Qb6 12. Bd3 b4 13. Ne2 a5 14. O-O Rb8 15.
Kh1 Nxd3 16. cxd3 Qxf2 17. Rxf2 Ba6 18. Rd1 Ke7 19. Ned4 Nxd4 20. Nxd4 Rhc8 {
[#] Die typische für der Französischen Verteidigung Stellung. Die Partie wird
dadurch zu einem Musterbeispiel des Kampfes zwischen Springer-d4 und Läufer-a6}
21. g3 $6 {Weiß verliert die Zeit und erlaubt Schwartz den Königsflügel zu
blokieren.} (21. g4 $5 f6 (21... h6 22. f5 a4 23. Kg2 Rc7 24. Kg3 Rbc8 25. fxe6
fxe6 26. Rdf1 $16) (21... h5 $6 22. gxh5 Rc7 23. Rg2 $36) (21... g6 22. g5 $5
Rc7 23. Rc2 (23. Rf3 $2 Rbc8 24. Rh3 Rc1 $17) 23... Rbc8 24. Rxc7+ Rxc7 25. Kg2
a4 26. Kf3 {/\ Ke3,Rh1,h2-h4-h5 mit der Initiative auf dem Königsflügel; z.B.}
a3 $6 27. bxa3 bxa3 28. Ke3 Rc3 29. Rd2 {/\ Ne2,Kd4 -> Pa3}) 22. Re2 (22. exf6+
gxf6 23. Re2 Rb6 24. Rde1 Bxd3 25. Rxe6+ Rxe6 26. Rxe6+ Kf7 27. Rb6 Be4+ 28.
Kg1 Rc4 $13) (22. f5 fxe5 23. Nxe6 g6 $13) 22... Rb6 23. f5 $5 $36) 21... g6
22. Kg2 Rc7 23. Kf3 $6 (23. Rc2 Rxc2+ 24. Nxc2 Rc8 (24... d4 $6 25. Nxd4 Rd8 $2
26. Nc6+ $18) 25. Nd4 $14 h5 26. h3 {/\ Kf2-e3-d2,Rh1,g4 ->}) 23... Rbc8 $10
24. Ke3 h5 25. h3 a4 26. g4 $6 (26. Rdd2 $5 {/\ Rc2 mit der Idee die Türme
abzutauschen.} Rc1 27. Rc2 Rg1 (27... Re1+ 28. Rfe2 Rxc2 29. Nxc2 Rxe2+ 30.
Kxe2 $16) (27... R8xc2 28. Nxc2 b3 29. axb3 axb3 30. Nd4 $16) 28. Rxc8 (28.
Nc6+ Kd7 (28... Rxc6 29. Rxc6 Rxg3+ 30. Rf3 Rxf3+ 31. Kxf3 Bxd3 32. Rb6 $16)
29. Nxb4 Rxg3+ 30. Kd4 Rxc2 31. Rxc2 Bb7 $132) 28... Rxg3+ 29. Rf3 Rxf3+ 30.
Kxf3 Bxc8 31. Nc6+ Kd7 32. Nxb4 Bb7 33. Nc2 {/\ Nd4 +/-} (33. Ke3 d4+ $5 {
und Schwartz kommt gut im Spiel, z.B.} 34. Kxd4 h4 35. a3 Bg2 36. Na6 Bxh3 37.
Nc5+ Kc6 38. Nxa4 Bf1 39. Ke3 h3 $19) 33... d4+ 34. Kf2 Ba6 35. Ke2 Kc6 36.
Nxd4+ Kd5 37. Ke3 $14) 26... hxg4 27. hxg4 Rh8 $15 28. Rf3 (28. g5 Rh3+ 29. Rf3
Rh2 30. Rf2 Rh3+ 31. Rf3 Rh4 $15) 28... f6 29. exf6+ Kxf6 30. g5+ Kf7 31. Rf2
Rh3+ 32. Nf3 $5 Ke7 33. Kd4 Kd6 34. Ne5 b3 $5 35. axb3 axb3 36. Rdd2 (36. Nxg6
Rc2 $17) 36... Rb7 $5 37. Nxg6 $2 (37. Rd1 Rb4+ 38. Kc3 Kc5 39. Nd7+ Kb5 $13)
37... Rb4+ 38. Kc3 Kc5 39. Rd1 $8 d4+ 40. Kd2 Rxd3+ 41. Ke1 Re3+ 42. Kd2 Rc4
43. Rc1 $8 Rxc1 44. Kxc1 Re1+ 45. Kd2 Rb1 $19 46. Rf3 $8 Rxb2+ 47. Ke1 Re2+ 48.
Kd1 d3 49. Ne5 Rxe5 0-1